Islamic World, Beliefs and Civilizations-600-1600 (Record no. 9568)

MARC details
000 -LEADER
fixed length control field 00627nam a2200229 a 4500
020 ## - INTERNATIONAL STANDARD BOOK NUMBER
ISBN 0521099
082 00 - DEWEY DECIMAL CLASSIFICATION NUMBER
Classification number 909.097671
Author Cutter MAN
100 ## - MAIN ENTRY--AUTHOR NAME
Author name Mantin, Peter
245 ## - TITLE STATEMENT
Title Islamic World, Beliefs and Civilizations-600-1600
260 ## - PUBLICATION, DISTRIBUTION, ETC. (IMPRINT)
Place of publication Cambridge
Name of publisher Cambridge University Press
Year of publication 1993
300 ## - PHYSICAL DESCRIPTION
Number of Pages 64p
500 ## - GENERAL NOTE
General note includes index and biblioraphy
505 2# - FORMATTED CONTENTS NOTE
Formatted contents note Glossary, Reference, Index
650 ## - SUBJECT ADDED ENTRY--TOPICAL TERM
Topical Term Islamic-Countries Civilization
942 ## - ADDED ENTRY ELEMENTS (KOHA)
Koha item type Books
Holdings
Collection code Home library Current library Date acquired Cost, normal purchase price Full call number Accession Number Koha item type
  Henry Martyn Institute Library Henry Martyn Institute Library 06/05/2007 305.00 909.097671 MAN 018781 Books
                   Copyright © 2026 | Henry Martyn Institute | Hyderabad | TS-500052 | INDIA | Implemented by hmi.edu.in
Hit-Count:

Powered by Koha